Issues in teaching using ICT / (Record no. 6584)

MARC details
000 -LEADER
fixed length control field 01323cam a22003614a 4500
001 - CONTROL NUMBER
control field 12149253
003 - CONTROL NUMBER IDENTIFIER
control field OSt
005 - DATE AND TIME OF LATEST TRANSACTION
control field 20200205105341.0
008 - FIXED-LENGTH DATA ELEMENTS--GENERAL INFORMATION
fixed length control field 000821s2001 enka b 001 0 eng
010 ## - LIBRARY OF CONGRESS CONTROL NUMBER
LC control number 00062757
015 ## - NATIONAL BIBLIOGRAPHY NUMBER
National bibliography number GBA1-27002
020 ## - INTERNATIONAL STANDARD BOOK NUMBER
International Standard Book Number 0415240034 (alk. paper)
020 ## - INTERNATIONAL STANDARD BOOK NUMBER
International Standard Book Number 0415238676 (pbk.)
035 ## - SYSTEM CONTROL NUMBER
System control number (OCoLC)ocm44868963
040 ## - CATALOGING SOURCE
Original cataloging agency DLC
Transcribing agency DLC
Modifying agency UKM
-- C#P
-- NLGGC
-- BAKER
-- DLC
042 ## - AUTHENTICATION CODE
Authentication code pcc
050 00 - LIBRARY OF CONGRESS CALL NUMBER
Classification number LB1028.3
Item number .I89 2001
082 00 - DEWEY DECIMAL CLASSIFICATION NUMBER
Classification number 371.33
Item number ISS 2001
245 00 - TITLE STATEMENT
Title Issues in teaching using ICT /
Statement of responsibility, etc. edited by Marilyn Leask.
260 ## - PUBLICATION, DISTRIBUTION, ETC. (IMPRINT)
Place of publication, distribution, etc. London ;
-- New York :
Name of publisher, distributor, etc. Routledge/Falmer,
Date of publication, distribution, etc. 2001.
300 ## - PHYSICAL DESCRIPTION
Extent xxii, 239 p. :
Other physical details ill. ;
Dimensions 25 cm.
490 1# - SERIES STATEMENT
Series statement Issues in subject teaching series
504 ## - BIBLIOGRAPHY, ETC. NOTE
Bibliography, etc Includes bibliographical references and indexes.
650 #0 - SUBJECT ADDED ENTRY--TOPICAL TERM
Topical term or geographic name as entry element Educational technology.
9 (RLIN) 13282
650 #0 - SUBJECT ADDED ENTRY--TOPICAL TERM
Topical term or geographic name as entry element Information technology.
9 (RLIN) 5622
650 #0 - SUBJECT ADDED ENTRY--TOPICAL TERM
Topical term or geographic name as entry element Computer-assisted instruction.
9 (RLIN) 13542
650 #0 - SUBJECT ADDED ENTRY--TOPICAL TERM
Topical term or geographic name as entry element Internet in education.
9 (RLIN) 13543
700 1# - ADDED ENTRY--PERSONAL NAME
Personal name Leask, Marilyn,
Dates associated with a name 1950-
9 (RLIN) 13544
830 #0 - SERIES ADDED ENTRY--UNIFORM TITLE
Uniform title Issues in subject teaching.
9 (RLIN) 13545
906 ## - LOCAL DATA ELEMENT F, LDF (RLIN)
a 7
b cbc
c orignew
d 1
e ocip
f 20
g y-gencatlg
942 ## - ADDED ENTRY ELEMENTS (KOHA)
Source of classification or shelving scheme Dewey Decimal Classification
Koha item type Open Shelf
Holdings
Withdrawn status Lost status Source of classification or shelving scheme Damaged status Not for loan Home library Current library Date acquired Source of acquisition Inventory number Total Checkouts Full call number Barcode Date last seen Price effective from Koha item type
    Dewey Decimal Classification     MUST Main Library MUST Main Library 05/02/2020 Donation 2002/16936   371.33 ISS 2001 2020-0344 05/02/2020 05/02/2020 Open Shelf